W którym roku to państwo dołączyło do UE? - Statystyki

Ogólne statystyki
  • Ten quiz został rozwiązany 276 razy
    273 od ostatniego zresetowania
  • Średni wynik to 19 z 27
Statystyki odpowiedzi
Hint Odpowiedź % Poprawnych
Czechy 2004
85%
Litwa 2004
85%
Estonia 2004
82%
Polska 2004
82%
Łotwa 2004
81%
Austria 1995
78%
Cypr 2004
78%
Słowacja 2004
78%
Bułgaria 2007
78%
Malta 2004
77%
Węgry 2004
77%
Chorwacja 2013
77%
Słowenia 2004
74%
Belgia 1957
72%
Rumunia 2007
71%
Luksemburg 1957
69%
Francja 1957
68%
Holandia 1957
68%
Grecja 1981
68%
Hiszpania 1986
67%
Dania 1973
66%
Finlandia 1995
65%
Irlandia 1973
64%
Szwecja 1995
63%
RFN 1957
62%
Portugalia 1986
61%
NRD 1990
50%
Nie znaleziono quizów pasujących do podanych kryteriów
Rozkład punktacji
Procent ludzi z każdym wynikiem
Percentyl według liczby udzielonych odpowiedzi
Twoja historia wyników
Nie rozwiązałeś tego quizu od ostatniego zresetowania